000 00453nam a2200169Ia 4500
003 OSt
005 20260316160735.0
008 211028s2016 xx 000 0 und d
040 _cAIMIT LIBRARY
041 _aeng
100 _aPaiva, Clinton;Vijaykumar, Suchetha.
_g131735
_94674
110 _aSrinivas B L.
_94675
245 _aMaclean system /
260 _aBengaluru
_c2016
710 _aPrime Focus Technologies Pvt Ltd
_94676
942 _2ddc
_cPRO
999 _c217649
_d217649